[Event "Wch U08"]
[Site "Montesilvano"]
[Date "2024.11.19"]
[Round "5"]
[White "Sahin, Bora"]
[Black "Rajabov, Abdukhakim"]
[Result "1/2-1/2"]
[WhiteElo "1703"]
[BlackElo "1515"]
[PlyCount "132"]
[EventDate "2024.11.15"]
[EventType "swiss"]
[EventRounds "11"]
[EventCountry "ITA"]
[SourceTitle "CB48_2024"]
[SourceDate "2024.11.28"]
[SourceVersion "1"]
[SourceVersionDate "2024.11.28"]
[SourceQuality "1"]

1. e4 e6 2. d4 d5 3. Nd2 Nc6 4. c3 Nf6 5. e5 Nd7 6. Bd3 Be7 7. Qg4 0-0 8. Ne2 f5 9. Qh3 Bg5 10. g4 g6 11. f4 Be7 12. gxf5 exf5 13. Ng3 Qe8 14. Rg1 Kh8 15. Qh6 Rg8 16. Kf2 Nf8 17. Nf3 Ne6 18. Nxf5 gxf5 19. Bxf5 Qf7 20. Rxg8+ Kxg8 21. Bc2 Qg7 22. f5 Qxh6 23. Bxh6 Bf8 24. Rg1+ Kh8 25. Bxf8 Nxf8 26. Ng5 Nd8 27. e6 Bxe6 28. fxe6 Nfxe6 29. Nxh7 Nc6 30. Ng5 Rf8+ 31. Ke3 Ncd8 32. Nxe6 Nxe6 33. Rg6 Re8 34. Kd2 Nf4 35. Rh6+ Kg8 36. Rf6 Re2+ 37. Kd1 Rf2 38. Bb3 Kg7 39. Rf5 Kg6 40. Rf8 Kg5 41. Rg8+ Kh4 42. Rg7 Nd3 43. Rh7+ Kg4 44. h3+ Kg5 45. h4+ Kg4 46. Rxc7 Nxb2+ 47. Ke1 Nd3+ 48. Kd1 Nb2+ 49. Kc1 Nd3+ 50. Kb1 Rb2+ 51. Ka1 Rf2 52. Bd1+ Kxh4 53. Rxb7 Rf1 54. Rb1 Kg3 55. Bb3 Rxb1+ 56. Kxb1 Nf4 57. c4 dxc4 58. Bxc4 Kg4 59. Kb2 Kf5 60. Kc3 Ke4 61. a4 a5 62. Bf1 Nd5+ 63. Kc4 Nb6+ 64. Kb5 Nxa4 65. Kxa4 Kxd4 66. Kxa5 Ke5 1/2-1/2

[Event "Wch U08"]
[Site "Montesilvano"]
[Date "2024.11.17"]
[Round "3"]
[White "Le, Khai"]
[Black "Rajabov, Abdukhakim"]
[Result "0-1"]
[WhiteElo "1808"]
[BlackElo "1515"]
[PlyCount "62"]
[EventDate "2024.11.15"]
[EventType "swiss"]
[EventRounds "11"]
[EventCountry "ITA"]
[SourceTitle "CB48_2024"]
[SourceDate "2024.11.28"]
[SourceVersion "1"]
[SourceVersionDate "2024.11.28"]
[SourceQuality "1"]

1. e4 e6 2. d4 d5 3. Nc3 Nf6 4. exd5 exd5 5. Bd3 c6 6. Nge2 Bd6 7. Bg5 0-0 8. Qd2 Bg4 9. 0-0 Re8 10. f3 Bh5 11. Nf4 Qc7 12. Nce2 Nbd7 13. g3 c5 14. c3 c4 15. Bf5 h6 16. Bxd7 hxg5 17. Bxe8 gxf4 18. Ba4 fxg3 19. hxg3 Bxg3 20. Nxg3 Qxg3+ 21. Qg2 Qh4 22. Rae1 g6 23. Re5 Kg7 24. Rf2 Rh8 25. Kf1 Qf4 26. Qg5 Bxf3 27. Qg1 Ne4 28. Rxe4 Qxe4 29. Bc2 Qe3 30. Rh2 Qc1+ 31. Kf2 Qxc2+ 0-1